<?xml version="1.0" encoding="UTF-8"?>
<record
    xmlns:xsi="http://www.w3.org/2001/XMLSchema-instance"
    xsi:schemaLocation="http://www.loc.gov/MARC21/slim http://www.loc.gov/standards/marcxml/schema/MARC21slim.xsd"
    xmlns="http://www.loc.gov/MARC21/slim">

  <leader>00778cam a22002291  4500</leader>
  <controlfield tag="001">ne 63000948 </controlfield>
  <controlfield tag="003">DLC</controlfield>
  <controlfield tag="005">20260227111745.0</controlfield>
  <controlfield tag="008">811215s1962    ua a          000 1 ararc</controlfield>
  <datafield tag="010" ind1=" " ind2=" ">
    <subfield code="a">ne 63000948 </subfield>
  </datafield>
  <datafield tag="025" ind1=" " ind2=" ">
    <subfield code="a">PL480:UAR-2319</subfield>
  </datafield>
  <datafield tag="035" ind1=" " ind2=" ">
    <subfield code="a">(OCoLC)7997137</subfield>
  </datafield>
  <datafield tag="040" ind1=" " ind2=" ">
    <subfield code="a">Princeton Univ. Libr.</subfield>
    <subfield code="c">TU</subfield>
    <subfield code="d">TU</subfield>
    <subfield code="d">DLC</subfield>
  </datafield>
  <datafield tag="042" ind1=" " ind2=" ">
    <subfield code="a">premarc</subfield>
  </datafield>
  <datafield tag="050" ind1="0" ind2="0">
    <subfield code="a">PJ7846.I43</subfield>
    <subfield code="b">B5</subfield>
  </datafield>
  <datafield tag="100" ind1="1" ind2=" ">
    <subfield code="a">M&#x12B;l&#x101;d&#x12B;, Fawz&#x12B; &#x2BB;Abd al-Q&#x101;dir.</subfield>
  </datafield>
  <datafield tag="245" ind1="1" ind2="0">
    <subfield code="a">Bint al-&#x2BB;amm,</subfield>
    <subfield code="b">majm&#x16B;&#x2BB;at masra&#x1E25;iyy&#x101;t ijtim&#x101;&#x2BB;&#x12B;yah</subfield>
    <subfield code="c">ta&#x2BC;l&#x12B;f Fawz&#x12B; &#x2BB;Abd al-Q&#x101;dir al-M&#x12B;l&#x101;d&#x12B;.</subfield>
  </datafield>
  <datafield tag="260" ind1=" " ind2=" ">
    <subfield code="a">[al-Q&#x101;hirah,</subfield>
    <subfield code="c">1962 ?]</subfield>
  </datafield>
  <datafield tag="300" ind1=" " ind2=" ">
    <subfield code="a">118 p.</subfield>
    <subfield code="b">illus.;</subfield>
    <subfield code="c">24 cm.</subfield>
  </datafield>
  <datafield tag="490" ind1="0" ind2=" ">
    <subfield code="a">al-Kit&#x101;b al-m&#x101;s&#x12B;</subfield>
  </datafield>
  <datafield tag="505" ind1="0" ind2=" ">
    <subfield code="a">al-Daw&#x101;&#x2BC; al-&#x2BB;ajb&#x304; - al-Mukh&#x101;di&#x2BB; - &#x1E24;aram al-mily&#x16B;n&#x12B;r- &#x2BB;Urs min al-sam&#x101;&#x2BC; - Bint al-&#x2BB;amm.</subfield>
  </datafield>
  <datafield tag="999" ind1=" " ind2=" ">
    <subfield code="c">45866</subfield>
    <subfield code="d">45866</subfield>
  </datafield>
</record>
